The Bombay rents, hotel and lodging house rates control act, 1947 (Record no. 414742)

000 -LEADER
fixed length control field 00395cam a22001217a 4500
008 - FIXED-LENGTH DATA ELEMENTS--GENERAL INFORMATION
fixed length control field 180718b1967 xxu||||| |||| 00| 0 eng d
082 ## - DEWEY DECIMAL CLASSIFICATION NUMBER
Classification number XA4601 x5442 M278
245 ## - TITLE STATEMENT
Title The Bombay rents, hotel and lodging house rates control act, 1947
Statement of responsibility, etc. By Govt. of Maharastra
260 ## - PUBLICATION, DISTRIBUTION, ETC.
Place of publication, distribution, etc. Bombay
Name of publisher, distributor, etc. Govt. of Maharastra
Date of publication, distribution, etc. 1967
300 ## - PHYSICAL DESCRIPTION
Extent 2525 - 2545p.
500 ## - GENERAL NOTE
General note Bombay act No. LVII of 1947
650 ## - SUBJECT ADDED ENTRY--TOPICAL TERM
Topical term or geographic name entry element Rents
Holdings
Withdrawn status Lost status Damaged status Not for loan Permanent Location Current Location Date acquired Full call number Barcode Date last seen Price effective from Koha item type
        Indian Institute of Public Administration Indian Institute of Public Administration 2009-02-26 XA4601 x5442 M278 DA898 2018-07-21 2018-07-21 DA

Powered by Koha